0102-札幌市交通局の駅 - Statistics

General Stats
  • This quiz has been taken 287 times
  • The average score is 42 of 73
Answer Stats
本線 % Correct
さっぽろ
97%
さっぽろ
97%
新さっぽろ
95%
大通
94%
大通
94%
大通
94%
すすきの
89%
すすきの
89%
真駒内
88%
麻生
82%
自衛隊前
80%
福住
79%
北24条
78%
宮の沢
77%
北18条
76%
北12条
75%
豊水すすきの
75%
白石
74%
平岸
73%
琴似
73%
バスセンター前
73%
栄町
73%
中島公園
69%
南平岸
69%
北34条
66%
円山公園
66%
西18丁目
63%
西11丁目
63%
南郷18丁目
63%
南郷13丁目
62%
大谷地
62%
月寒中央
61%
澄川
60%
東札幌
59%
南郷7丁目
59%
ひばりが丘
59%
幌平橋
58%
発寒南
57%
東区役所前
57%
北13条東
56%
学園前
55%
狸小路
55%
二十四軒
54%
西28丁目
54%
菊水
52%
新道東
52%
中の島
51%
元町
51%
豊平公園
51%
環状通東
50%
美園
48%
西4丁目
47%
西8丁目
41%
西15丁目
39%
中央図書館前
38%
ロープウェイ入口
35%
資生館小学校前
35%
中央区役所前
31%
西線9条旭山公園通
31%
西線11条
30%
西線14条
30%
西線16条
30%
電車事業所前
30%
西線6条
29%
山鼻9条
28%
山鼻19条
26%
行啓通
26%
中島公園通
26%
石山通
25%
静修学園前
24%
東本願寺前
24%
幌南小学校前
23%
東屯田通
22%
No matching quizzes found
Score Distribution
Percent of People with Each Score
Percentile by Number Answered
Your Score History
You have not taken this quiz